00700nam a2200205 i 4500001000300000100002100003245008300024260004400107300004500151504002600196650002300222650002500245650001900270020001500289040000800304041000800312080003500320008004100355856009800396bg1 aWESSEL, James K.10aHandbook of advanced materials :benabling new designs /ced. James K. Wessel. aNew Jersey :bJohn Wiley & Sons,c2004. aX, 645 s. :bfot., rys., wykr. ;c24 cm. aBibliogr. przy rozdz. 9aMateriałoznawstwo 9aCeramikaxmateriały 9aMetaloznawstwo a0471454753 cBPK0 aeng a620.1/.2:666.3/.7:669.017/.018 s pl f |000 0 pol  uhttp://koha.tu.koszalin.pl/cgi-bin/koha/opac-detail.pl?biblionumber=53340yKatalog online BPK